|
|
|
|
| LEADER |
00885nam a22002777a 4500 |
| 001 |
AAL3960 |
| 003 |
BD-DhAAL |
| 005 |
20151230221456.0 |
| 008 |
151230s 2000us a|||| |||| 001 0 eng d |
| 020 |
|
|
|a 0072339500
|
| 040 |
|
|
|a BD-DhAAL
|c BD-DhAAL
|
| 082 |
|
|
|a 301.4350973
|
| 100 |
|
|
|a Cox, Harold
|9 17065
|
| 245 |
|
|
|a Aging /
|c Harold Cox
|
| 250 |
|
|
|a 13th ed.
|
| 260 |
|
|
|a Guilford, Conn. : .
|b Dushkin/McGraw-Hill,
|c c2000
|
| 300 |
|
|
|a x, 229 p. :
|b ill. ;
|c 28 cm.
|
| 490 |
|
|
|a Annual editions.
|
| 500 |
|
|
|a Includes index.
|
| 541 |
|
|
|e 3960
|
| 650 |
|
|
|a Gerontology.
|v Periodicals
|9 17066
|
| 650 |
|
|
|a Aging.
|9 17067
|
| 650 |
|
|
|a Older people.
|9 17068
|
| 942 |
|
|
|2 ddc
|c BK
|
| 999 |
|
|
|c 36476
|d 36476
|
| 952 |
|
|
|0 0
|1 0
|2 ddc
|4 0
|6 301_435097300000000_COX
|7 0
|9 57429
|a SCL
|b SCL
|c GEN
|d 2015-12-30
|e Gift: The Asia Foundation
|l 0
|o 301.4350973 COX
|p 3020003960
|r 2015-12-30
|t 1
|w 2015-12-30
|y BK
|